| 000 | 00592nam a22001817a 4500 | ||
|---|---|---|---|
| 005 | 20231117094316.0 | ||
| 008 | 231117b |||||||| |||| 00| 0 eng d | ||
| 020 | _a9982110039 | ||
| 041 | _aEnglish | ||
| 082 | _a343.7 BOM | ||
| 100 | _lEnglish | ||
| 245 |
_aNamibia: Legal Framework and Development Strategy Options for the Mining Industry / _cedited by NK Duggal |
||
| 250 | _aFirst Edition | ||
| 260 |
_aLusaka : _bUnited Nations Institute for Namibia, _c1987 |
||
| 300 |
_b176 pages ; _c24 cm. |
||
| 650 |
_aLegal practice _bLaw |
||
| 942 |
_cBK _6ALISON_BN_VRIES |
||
| 999 |
_c758 _d758 |
||